01494nam a2200217 4500001000700000003000900007005001700016007000300033008004100036100005800077245013700135260006600272300002500338490007900363500055400442700002600996830008701022852002401109999001901133952012401152143083ES-MaACL20230906200721.0t|070214s1914 fr r ||||1| fre d1 aSeligman, Edwin Robert Anderson (d1861-1939)910530610aEssais sur l'impôt / cpar Edwin R. A. Seligman ; traduction française, d'après la 8e édition américaine, par Louis Suret. aParis : b[s. n.], c1914 (eSaint-Amand : fImp. Bussière) a2 v. ; c23 x 14 cm.1 aBibliothèque internationale de science et de législation financières aContiene: I . Évolution de l'impôt. L'impôt général sur la propriété. L'impôt unique. La double imposition. L'impôt sur les successions. L'imposition des sociétés ------ II . Problèmes fiscaux contemporains. Évolution de l'impôt. Revenus d'État et revenus locaux. Finances d'état et finances fédérales. Précision dans les impositions. Classification des revenus publics. Betterment tax? Réformes récentes. Ouvrages récents. Rapports américains sur l'impôt. L'impôt fédéral sur le revenu de 1913.1 aSuret, Louis.91088260 aBibliothèque internationale de science et de législation financières9187265 aES-MaACLjD-4073-74 c143083d143083 00104070aATENEOMbATENEOMcSVId2008-01-17eSCl0oD-4073-74p901148869r2023-02-23 00:00:00w2023-02-23yMONOGRAFIA